Logo

Description automatically generated
विद्यार्जन
 संसाधन केंद्र, भारतीय प्रौद्योगिकी संस्थान इन्दौर
Learning Resource Center, Indian Institute of Technology Indore

ऑनलाइन सार्वजनिक अभिगम प्रसूची
Online Public Access Catalogue (OPAC)

Can the subaltern speak? : reflections on the history of an idea (Record no. 57314)

MARC details
000 -LEADER
fixed length control field 00659nam a2200205Ia 4500
005 - DATE AND TIME OF LATEST TRANSACTION
control field 20260629163254.0
008 - FIXED-LENGTH DATA ELEMENTS--GENERAL INFORMATION
fixed length control field 260629s9999||||xx |||||||||||||| ||und||
020 ## - INTERNATIONAL STANDARD BOOK NUMBER
International Standard Book Number 9780231143851
Qualifying information pbk
020 ## - INTERNATIONAL STANDARD BOOK NUMBER
Qualifying information hb
082 ## - DEWEY DECIMAL CLASSIFICATION NUMBER
Classification number 325.3
Item number MOR
100 ## - MAIN ENTRY--PERSONAL NAME
Personal name Morris, Rosalind C. [ed.]
245 #0 - TITLE STATEMENT
Title Can the subaltern speak? : reflections on the history of an idea
260 ## - PUBLICATION, DISTRIBUTION, ETC.
Place of publication, distribution, etc. New York
Name of publisher, distributor, etc. Columbia University Press
Date of publication, distribution, etc. 2010
300 ## - PHYSICAL DESCRIPTION
Extent x, 318p. ; 23cm.
653 ## - INDEX TERM--UNCONTROLLED
Uncontrolled term Feminist theory
653 ## - INDEX TERM--UNCONTROLLED
Uncontrolled term Postcolonialism
653 ## - INDEX TERM--UNCONTROLLED
Uncontrolled term Spivak, Gayatri Chakravorty--Criticism and interpretation
653 ## - INDEX TERM--UNCONTROLLED
Uncontrolled term Spivak, Gayatri Chakravorty. Can the subaltern speak
942 ## - ADDED ENTRY ELEMENTS (KOHA)
Koha item type Book
Holdings
Withdrawn status Lost status Damaged status Not for loan Home library Current library Shelving location Date acquired Source of acquisition Total Checkouts Full call number Barcode Date last seen Price effective from Koha item type
        LRC, IIT Indore LRC, IIT Indore 3rd Floor - General Stack 29/06/2026 Gratis Book Price: USD 30.00   325.3 MOR G2539 29/06/2026 29/06/2026 Book
Copyright © 2017-2026 Indian Institute of Technology Indore. All Rights Reserved.
Managed & maintained by Learning Resource Center, IIT Indore